Die Johannesbriefe / erläutert von Wilhelm Thüsing
Record details
- Physical Description: 223 s. ; 20 cm
- Publisher: Düsseldorf : Patmos, 1970
Content descriptions
| Bibliography, etc. Note: | Obsahuje bibliografické odkazy |
Search for related items by subject
| Subject: | Bible. Janovy listy biblická exegeze biblická interpretace biblické citáty biblické studium |
| Genre: | komentáře texty |
Search for related items by series
Available copies
- 2 of 2 copies available at Common Catalog SPOK.
Holds
- 0 current holds with 2 total copies.
Show Only Available Copies
| Location | Call Number / Copy Notes | Barcode | Shelving Location | Status | Due Date |
|---|---|---|---|---|---|
| ETS Library | 227.94077 | 424470006565 | Volný výběr | Available | - |
| Jabok Library | NZ-3.2 | 424480020618 | Depozitář (knihy) - ptejte se knihovníka | Available | - |
| LDR | 01355nam a22004097a 4500 | ||
|---|---|---|---|
| 001 | 5054 | ||
| 003 | CZ-PrJAB | ||
| 005 | 20200411131922.0 | ||
| 007 | ta | ||
| 008 | 090511s1970 gw e 000 0 ger | ||
| 020 | . | ‡q(Váz.) | |
| 035 | . | ‡a(CZ PrSKC)vkol000890679 | |
| 040 | . | ‡aOLA001 ‡bcze | |
| 072 | 7. | ‡a2-23/-27 ‡xBible. Biblistika ‡2Konspekt ‡95 | |
| 080 | . | ‡a(0.072) ‡2MRF | |
| 080 | . | ‡a(0:82-9) ‡2MRF | |
| 080 | . | ‡a27-277 ‡2MRF | |
| 080 | . | ‡a27-277.2 ‡2MRF | |
| 100 | 1 | . | ‡aThüsing, Wilhelm, ‡d1921-1998 ‡7uk2005277795 ‡4aut |
| 245 | 1 | 4. | ‡aDie Johannesbriefe / ‡cerläutert von Wilhelm Thüsing |
| 260 | . | ‡aDüsseldorf : ‡bPatmos, ‡c1970 | |
| 300 | . | ‡a223 s. ; ‡c20 cm | |
| 490 | 1 | . | ‡aGeistliche Schriftlesung ; ‡vBd. 22 |
| 504 | . | ‡aObsahuje bibliografické odkazy | |
| 630 | 0 | 7. | ‡aBible. ‡pJanovy listy ‡7unn2006374690 ‡2czenas |
| 650 | 0 | 7. | ‡abiblická exegeze ‡7ph118844 ‡2czenas |
| 650 | 0 | 7. | ‡abiblická interpretace ‡7ph118847 ‡2czenas |
| 650 | 0 | 7. | ‡abiblické citáty ‡7ph118853 ‡2czenas |
| 650 | 0 | 7. | ‡abiblické studium ‡7ph118859 ‡2czenas |
| 655 | 7. | ‡akomentáře ‡7fd132578 ‡2czenas | |
| 655 | 7. | ‡atexty ‡7fd133699 ‡2czenas | |
| 830 | 0. | ‡aGeistliche Schriftlesung | |
| 910 | . | ‡aABG312 | |
| 910 | . | ‡aABG450 | |
| 950 | . | ‡aska | |
| 901 | . | ‡a5054 ‡bCZ-PrJAB ‡c5054 ‡tbiblio | |